[Event "ISR-chT 2018"]
[Site "Israel"]
[Date "2018.02.16"]
[Round "7"]
[White "Rechlis, Gad"]
[Black "Moiseenko, Alexander"]
[Result "1/2-1/2"]
[WhiteElo "2541"]
[BlackElo "2660"]
[Annotator "TA"]
[PlyCount "145"]
[EventDate "2018.??.??"]
[EventType "team-tourn"]
[EventCountry "ISR"]
[SourceTitle "playchess.com"]
[Source "ChessBase"]
[SourceQuality "1"]

{[%evp 10,145,24,5,10,0,3,-25,-25,-26,-19,-48,-38,-53,-44,-33,-37,-56,-46,-46,-54,-98,-44,-47,-25,-57,-49,-69,-68,-71,-85,-176,-179,-158,-175,-252,-240,-273,-273,-321,-261,-317,-303,-300,-292,-354,-345,-372,-333,-332,-360,-339,-335,-348,-348,-339,-241,-237,-239,-243,-243,-243,-241,-282,-281,-240,-125,-133,-119,-230,0,0,0,0,0,0,0,0,0,0,0,0,0,0,0,0,0,0,0,0,0,0,0,0,0,0,0,0,0,0,0,0,0,0,0,0,0,0,0,0,0,0,0,0,0,0,0,0,0,0,0,0,0,0,0,0,0,0,0,0,0,0,0,0,0,0,0,0]} 1. e4 c5 2. Nf3 Nc6 3. d4 cxd4 4. Nxd4 e5 5. Nb5 d6 6. Be2 Be7 {B32: Sicilian: Löwenthal and Kalashnikov Variations} 7. O-O (7. Be3 a6 8. N5c3 Bg5 9. Nd2 Bxe3 10. fxe3 Be6 11. Nc4 Bxc4 12. Bxc4 Nf6 13. O-O O-O 14. a3 {1-0 (25) Jobava,B (2714)-Ezra,P (2162) Helsingor 2017}) 7... Nf6 8. Bf3 a6 $146 {Black has an edge.} ({Predecessor:} 8... Be6 9. Bg5 Qd7 10. Nd2 O-O 11. c4 Rac8 12. Be2 a6 13. Nc3 Na5 14. Bxf6 Bxf6 {½-½ (55) Andersen,A (2165)-Kozar,A (2204) Alta 2003}) 9. N5c3 Nd4 10. Nd2 b5 11. Nb3 Nxf3+ 12. Qxf3 b4 13. Nd5 Nxd5 14. exd5 Qc7 $36 {[%mdl 2048] Black has some pressure.} 15. a4 bxa3 (15... a5 $17 16. Be3 f5) 16. Rxa3 $15 a5 {[%cal Ba6a5,Ba5a4][%mdl 32]} 17. Bd2 {[%cal Rb3a5]} a4 18. Qc3 Qxc3 19. Bxc3 Bf5 20. Na1 {[#]} (20. Rfa1 $17) 20... Kd7 $1 $19 21. f4 Rhc8 22. b4 (22. Bb4 $142) 22... Bg6 23. Bb2 f6 24. Rg3 Bf8 25. f5 Bf7 26. Rd1 Rc4 27. Ba3 Rac8 28. Kf2 Rf4+ 29. Rf3 Rxf3+ 30. gxf3 g6 31. fxg6 Bxg6 ({Don't take} 31... hxg6 32. Bb2 $19) 32. b5 Kc7 33. Rb1 Kb6 34. Rb4 Bxc2 35. Nxc2 Rxc2+ {[%mdl 4096] Endgame KRB-KRB} 36. Kg3 f5 37. Rxa4 Kxb5 (37... Be7 $19 {aiming for ...h5.} 38. Kh3 Rc3) 38. Rb4+ $17 Ka5 39. Rh4 (39. h3 $17) 39... Be7 $2 (39... f4+ $19 40. Kg4 Ka4 41. Rxh7 Kxa3) 40. Rxh7 $11 {The position is equal.} Bg5 41. h3 $1 Bf4+ 42. Kh4 e4 43. fxe4 fxe4 {[#] ...Be5 is the strong threat.} 44. Re7 Be5 45. Re6 e3 {Strongly threatening ...e2.} 46. Bxd6 Rc4+ 47. Kg5 Bxd6 48. Rxd6 {Black must now prevent Re6. KR-KR} Re4 49. Rc6 $1 ({Avoid the trap} 49. Re6 $2 Rxe6 50. dxe6 e2 $19) 49... e2 50. Rc1 e1=Q 51. Rxe1 Rxe1 {KR-KPP} 52. h4 Rg1+ (52... Kb6 $5 53. h5 $8 Rg1+ 54. Kf5 Rg3 $11) 53. Kf6 Rh1 54. Kg5 $1 Kb6 55. h5 Kc5 56. h6 $1 Kxd5 {KR-KP} (56... Rh3 $5) 57. Kg6 Ke6 58. Kg7 $1 Rg1+ 59. Kf8 $1 Rf1+ 60. Kg7 Rf7+ 61. Kg6 $1 Rf3 62. Kg7 $1 Rf7+ 63. Kg6 $1 Rf4 64. Kg7 $1 Rg4+ 65. Kf8 $1 Rh4 66. Kg7 Ke7 {( -> ...Rg4+)} 67. h7 Rg4+ 68. Kh8 Rf4 69. Kg7 Rf1 70. h8=Q Rg1+ 71. Kh7 {Threatening mate with Qe5+.} Rh1+ 72. Kg7 Rxh8 73. Kxh8 {Precision: White = 60%, Black = 68%.} 1/2-1/2

[Event "ISR-chT 2018"]
[Site "Israel"]
[Date "2018.02.16"]
[Round "7"]
[White "Mikhalevski, Victor"]
[Black "Berenboym, Igor"]
[Result "1-0"]
[WhiteElo "2537"]
[BlackElo "2122"]
[Annotator "TA"]
[PlyCount "87"]
[EventDate "2018.??.??"]
[EventType "team-tourn"]
[EventCountry "ISR"]
[SourceTitle "playchess.com"]
[Source "ChessBase"]
[SourceQuality "1"]

{[%evp 13,87,-43,-54,-81,-62,-61,-70,-64,-54,-54,0,14,58,52,77,66,132,120,103,107,107,118,296,112,195,118,132,130,108,85,90,91,90,89,91,83,90,85,93,88,81,85,92,86,99,60,60,40,37,2,79,82,75,0,18,0,27,46,228,208,230,227,204,213,255,252,256,266,334,335,359,354,383,388,387,387]} 1. d4 d5 2. Bg5 f6 3. Bf4 Nc6 4. e3 e5 5. dxe5 (5. Bg3 exd4 6. exd4 h5 7. h3 Bd6 8. Bxd6 Qxd6 9. c3 {½-½ (9) Sedlak,N (2547)-Miladinovic,I (2535) Montenegro 2017}) 5... fxe5 6. Bg3 {D00: 1 d4 d5: Unusual lines} Nf6 7. Bb5 Bd6 {LiveBook: 3 Games} 8. Nc3 {Black is slightly better.} a6 9. Ba4 b5 10. Bb3 Ne7 $146 ({Predecessor:} 10... Bb4 11. a3 Ba5 {1-0 (23) Muenzenberg,D (1667)-Berntgen,M (1461) Zirndorf 2007}) 11. a4 bxa4 (11... Bb7 $15 12. Nf3 b4) 12. Rxa4 $11 c6 13. Nf3 Bg4 14. e4 {[%cal Be3e4,Be4d5][%mdl 32]} O-O (14... d4 $14) 15. exd5 $16 Kh8 16. Rxg4 Nxg4 17. Ng5 Qd7 $2 (17... Nf6 $16) 18. Ne6 $2 (18. dxc6 $1 $18 Qf5 19. Nf7+ $1 {[%mdl 512]} (19. Qxd6 Qxg5 20. O-O Nf5 $16) 19... Rxf7 20. Qxd6) 18... Nxd5 (18... Nf6 $16) 19. Nxf8 (19. Qxg4 $18 Rae8 20. Nxd5 cxd5 21. Bxd5) 19... Rxf8 20. Nxd5 cxd5 21. Qxd5 Nf6 22. Qe6 Bb4+ 23. c3 Qd3 {[#] Hoping for ...Rd8.} 24. Qc4 $1 {[%cal Rc4d3]} ({Stronger than} 24. cxb4 Rd8 $17) 24... Qb1+ 25. Bd1 Bd6 {[%cal Bb4d6,Bd6b8,Bb8e5][%mdl 32]} 26. O-O Qxb2 27. Qxa6 Bb8 28. Qc6 e4 29. Bh4 {[%cal Bg3h4,Bh4g5,Bg5e3][%mdl 32]} Be5 $1 30. c4 {[%cal Bc3c4,Bc4c5,Bc5c6][%mdl 32]} Qd4 31. Bg5 {next g3 is good for White.} h6 (31... Bxh2+ $1 $11 {keeps the balance.} 32. Kxh2 Qe5+ 33. Kg1 Qxg5) 32. Be3 $36 {[%mdl 2048] White has strong initiative.} Qd3 {Threatens to win with ...Bxh2+!} 33. h3 (33. g3 $16) 33... Rd8 {Strongly threatening ...Qxd1.} 34. Qa4 Rc8 (34... Bh2+ $5 35. Kxh2 Qxf1 $14) 35. c5 {aiming for Re1.} Nd5 $2 {[#]} (35... Bh2+ $1 $14 36. Kxh2 Qxf1) 36. Bc2 $1 $18 {[%cal Rc2d3]} Nc3 37. Bxd3 Nxa4 38. Ba6 Rc7 39. c6 Nc3 40. Bb7 Nd5 41. Bc5 Rf7 42. Rd1 {White is winning.} Nf6 43. Bc8 Rc7 44. Bd7 {Precision: White = 60%, Black = 38%.} 1-0

[Event "ISR-chT 2018"]
[Site "Israel"]
[Date "2018.02.16"]
[Round "7"]
[White "Golod, Vitali"]
[Black "Drori, Saar"]
[Result "1-0"]
[WhiteElo "2535"]
[BlackElo "2391"]
[Annotator "TA"]
[PlyCount "122"]
[EventDate "2018.??.??"]
[EventType "team-tourn"]
[EventCountry "ISR"]
[SourceTitle "playchess.com"]
[Source "ChessBase"]
[SourceQuality "1"]

{[%evp 20,122,0,0,22,18,11,0,0,0,0,0,0,-8,-3,-22,4,6,17,4,79,70,60,68,67,70,47,47,103,118,93,42,95,68,107,89,103,53,59,48,99,97,95,93,90,79,113,96,135,128,130,123,142,130,173,104,187,138,134,124,133,103,136,133,135,129,143,143,143,143,136,136,136,130,117,0,181,136,136,136,253,229,239,246,246,247,714,720,676,678,1413,1251,8580,6211,29977,29979,29976,29976,29974,29970,29982,29983,29983,29984,29979]} 1. d4 Nf6 2. c4 g6 3. Nc3 d5 4. cxd5 Nxd5 5. e4 Nxc3 6. bxc3 Bg7 7. Nf3 c5 8. Be3 Qa5 9. Nd2 {D85: Exchange Grünfeld: Unusual White 7th moves and lines with 7 Nf3} Bd7 10. Rb1 Qxc3 11. dxc5 {LiveBook: 3 Games. The position is equal.} (11. d5 b6 12. Bc4 O-O 13. O-O Qa5 14. Qe2 e6 15. e5 exd5 16. Bxd5 Nc6 {½-½ (79) Mamedyarov,S (2799)-Svidler,P (2765) Riadh 2017}) 11... Na6 (11... Bc6 {feels hotter.} 12. Bb5 O-O 13. O-O Bd4 14. Rc1 Qb4) 12. Bxa6 $146 (12. Rxb7 Nxc5 13. Bxc5 Qxc5 $15) ({Predecessor:} 12. Bc4 Bc6 13. O-O O-O 14. Qe2 Nc7 15. Rfc1 Qf6 16. f3 Rad8 {½-½ (63) Knittel,M (2016)-Kukula,P (2210) ICCF email 2015}) 12... bxa6 13. O-O Bb5 14. Re1 O-O 15. Qb3 Rfd8 16. Rec1 Qe5 17. c6 {Black must now prevent a4.} Rac8 18. Rc5 Qc7 19. Rbc1 Bd4 (19... Rb8 $11 {remains equal.}) 20. Bxd4 $16 Rxd4 21. Nf3 $36 {[%mdl 2048] White has good play.} Rxe4 22. Ng5 Rf4 23. g3 {[%mdl 1024] White has compensation.} Rf6 {[#]} (23... Ba4 $1 $14 24. Qd3 Rf6) 24. a4 $1 {[%cal Ra4b5]} Be2 25. h3 ({Better is} 25. Qe3 $16 Bg4 26. h3) 25... h6 (25... a5 $14) 26. Qe3 {Ne4 is the strong threat.} hxg5 27. Qxe2 Rd8 28. R5c2 (28. Qxa6 $6 Rd2 $14) 28... a5 29. Qb5 Rc8 (29... e5 $14) 30. Qxg5 Qb6 {[%cal Rc8c6] [#]} 31. Qd5 $1 (31. c7 $6 Rxc7 32. Rxc7 Qxf2+ 33. Kh1 Qf3+ 34. Kg1 Qf2+ 35. Kh1 Qf3+ 36. Kg1 Qf2+ $11) 31... Rd6 32. Qe4 Rc7 33. Rc4 Qa6 34. h4 Qc8 35. Rc5 a6 36. Qc4 Kg7 37. Qc3+ ({White should try} 37. h5 $18) 37... Rf6 (37... f6 $16 {is a better defense.}) 38. Kg2 Qg4 39. Rc4 Qf5 40. Qd4 Qf3+ 41. Kg1 e5 42. Qb6 {Hoping for R4c3.} (42. Qxe5 $6 Qxf2+ 43. Kh1 Kh7 $11) 42... Rb7 43. Qc5 (43. Qxb7 Qxf2+ 44. Kh1 Qf3+ 45. Kh2 Qe2+ 46. Kh3 Rf2 $19) 43... Rc7 44. R4c3 ({Reject} 44. Qxe5 $6 Qxf2+ 45. Kh1 Kh7 $11) 44... Qe2 45. Qb6 Rc8 46. R3c2 Qf3 47. Rc3 ({But not} 47. Qxa6 $6 Rcxc6 48. Qxc6 (48. Rxc6 Qxf2+ 49. Kh1 Qf3+ 50. Kh2 Qf2+ 51. Kh1 Qf3+ 52. Kh2 Qf2+ 53. Kh1 $11) 48... Rxc6 $11) (47. Qe3 $16) 47... Qe2 $1 $18 48. Qe3 Qxe3 49. Rxe3 $16 {[%mdl 4096] Endgame KRR-KRR} Re6 (49... Rcxc6 $16 50. Rxc6 Rxc6) 50. c7 $18 Re7 51. Rec3 Kf6 52. Rc6+ Re6 $2 (52... Kg7 53. Kg2 f6) 53. Rxe6+ Kxe6 {KR-KR} 54. g4 {[%cal Bg3g4,Bg4h5,Bh5h6][%mdl 32]} f5 55. h5 gxh5 56. gxh5 Kd7 57. Kf1 {White mates.} Ke7 58. h6 Kf7 59. Rc6 Kg8 60. Ke2 Kh7 61. Kd3 Kg8 {Precision: White = 68%, Black = 31%.} 1-0

[Event "ISR-chT 2018"]
[Site "Israel"]
[Date "2018.02.16"]
[Round "7"]
[White "Rozentalis, Eduardas"]
[Black "Shohat, Yotam"]
[Result "1-0"]
[WhiteElo "2520"]
[BlackElo "2172"]
[Annotator "TA"]
[PlyCount "105"]
[EventDate "2018.??.??"]
[EventType "team-tourn"]
[EventCountry "ISR"]
[SourceTitle "playchess.com"]
[Source "ChessBase"]
[SourceQuality "1"]

{[%evp 16,105,0,0,8,-11,0,-9,-3,-3,-6,-6,11,-8,-8,-12,-20,-20,-20,-25,-13,0,0,0,78,83,73,79,69,83,94,89,102,107,225,203,206,200,301,292,334,239,345,349,345,329,350,205,235,183,386,385,593,594,645,560,649,647,617,602,807,497,731,730,670,447,440,419,445,420,439,437,424,422,455,460,511,457,498,509,529,517,698,675,631,627,604,689,694,727,696,687]} 1. e4 c5 2. Nf3 g6 3. g3 Bg7 4. Bg2 Nc6 5. O-O Nf6 6. Re1 O-O 7. c3 d6 8. h3 e5 9. d3 Rb8 {A05: Réti Opening: 1 Nf3 Nf6} 10. a4 a6 11. Be3 $146 ({Predecessor:} 11. Na3 Be6 12. Bg5 h6 13. Bxf6 Qxf6 14. Nc4 h5 15. Qd2 Bxh3 16. Bxh3 Qxf3 17. Nb6 h4 18. Re3 {1-0 (70) Amin,B (2636)-Saric,I (2678) Baku 2015}) 11... b5 {The position is equal.} 12. axb5 axb5 13. Nbd2 {[%cal Bb1d2,Bd2f1,Bf1e3][%mdl 32]} Qc7 14. Qc1 Bb7 15. Nf1 Ra8 16. Rxa8 Rxa8 17. Bg5 Na5 18. Ne3 c4 19. Bxf6 Nb3 (19... Bxf6 $11 20. Qc2 Be7) 20. Qc2 $16 Bxf6 21. dxc4 bxc4 22. Bf1 Nc5 {[#]} 23. Nd2 $1 Bg5 {next ...Bxe3 is good for Black.} 24. Nexc4 f5 (24... Nd7 $16) 25. exf5 $18 Qc6 {[%csl Gb7][%cal Rc6h1]} 26. f3 gxf5 (26... Kg7 $142 27. b4 Nd7) 27. Qxf5 Bh6 28. Qh5 Kg7 (28... Bg7 $142 29. Ne3 Rf8) 29. Qg4+ Kh8 30. Qh4 Bg7 31. Kh2 (31. Qe7 $142) 31... Rf8 32. Re3 Qd5 $2 (32... e4) 33. b4 Nb3 (33... Bf6 {was called for.} 34. Qh5 Ne6) 34. Bd3 {[%csl Gd3][%cal Rh4h7] [#]} ({Weaker is} 34. Nxb3 Rxf3 35. Bg2 Rf2 $11) 34... h6 35. Nxb3 Rxf3 36. Be4 Rf2+ 37. Kg1 Qf7 {( -> ...Rf1+)} 38. Ncd2 d5 (38... Bxe4 $142 39. Qxe4 d5) 39. Bf3 d4 40. Kxf2 dxe3+ 41. Kxe3 Bxf3 42. Qd8+ Kh7 {intending ...e4.} 43. Nxf3 {White is clearly winning.} Qxb3 44. Qd3+ Kh8 45. Nd2 Qd1 46. Qf1 Qc2 47. Ne4 Qb2 48. h4 h5 49. Qf5 {Intending Qc8+ and mate.} Qc1+ 50. Kd3 {Black must now prevent Qc8+.} Qb1+ 51. Kc4 Qa2+ 52. Kb5 {Hoping for Qc8+.} Qd5+ 53. Nc5 {Precision: White = 75%, Black = 34%.} 1-0

[Event "ISR-chT 2018"]
[Site "Israel"]
[Date "2018.02.16"]
[Round "7"]
[White "Steinberg, Nitzan"]
[Black "Smirin, Ilia"]
[Result "1/2-1/2"]
[WhiteElo "2512"]
[BlackElo "2604"]
[Annotator "TA"]
[PlyCount "131"]
[EventDate "2018.??.??"]
[EventType "team-tourn"]
[EventCountry "ISR"]
[SourceTitle "playchess.com"]
[Source "ChessBase"]
[SourceQuality "1"]

{[%evp 19,131,21,26,31,35,20,65,58,60,56,56,49,53,53,45,51,70,85,79,82,123,120,120,119,125,114,127,120,123,125,135,129,126,99,141,144,140,137,157,147,194,197,186,181,306,302,309,301,285,6,12,0,34,42,97,93,191,12,12,12,12,12,12,0,12,12,12,12,12,12,12,12,12,12,12,12,12,12,12,12,12,12,12,12,12,12,12,12,12,12,12,12,12,12,12,12,12,12,12,12,12,12,12,12,12,0,0,0,0,0,0,0,0,0]} 1. e4 c5 2. Nf3 e6 3. d4 cxd4 4. Nxd4 a6 5. c4 Nf6 6. Nc3 Qc7 7. Be2 Bb4 8. Qd3 Nc6 9. Nxc6 {B41: Sicilian: Kan Variation: 5 c4} dxc6 10. a3 Bd6 {LiveBook: 4 Games} 11. Be3 {White has an edge.} O-O 12. c5 Be7 $146 ({Predecessor:} 12... Bf4 13. O-O-O Bxe3+ 14. Qxe3 e5 15. Bc4 Ng4 16. Qe2 Qa5 17. f3 Nf6 18. b4 Qxa3+ 19. Qb2 Qxb2+ 20. Kxb2 a5 {½-½ (20) Savchenko,B (2602)-Ghaem Maghami,E (2540) Khomeyn 2017}) 13. O-O e5 14. h3 Be6 15. Qc2 Rad8 16. Na4 {[%cal Bc3a4,Ba4b6,Bb6c4][%mdl 32]} h6 17. b4 Nh7 18. f4 f5 19. Nb6 Kh8 20. Bc4 $1 {[%cal Rc4e6]} fxe4 21. Qxe4 Bxc4 22. Nxc4 Nf6 23. Qxe5 Qd7 24. Rae1 Nd5 25. Qe4 ({Don't do} 25. Bd4 Bh4 $16) 25... Bf6 26. Bd4 Nc3 27. Bxc3 $1 Bxc3 28. Ne5 Bxe5 29. fxe5 {[%cal Bf4e5,Be5e6][%mdl 32]} Rxf1+ 30. Rxf1 $16 {[%mdl 4096] Endgame KQR-KQR} Qe6 {[#]} 31. Qf5 $1 {[%cal Rf5e6]} Qb3 (31... Qxf5 $142 32. Rxf5 Kg8) 32. e6 $18 Qe3+ 33. Kh1 Qe2 {[#]} 34. Qf7 $2 ({White has to play} 34. Rf4 $1 $18) 34... Rd2 $11 {[%csl Gd2][%cal Re2g2]} 35. Rg1 Qe4 36. Qxb7 {Threatens to win with e7.} Qxe6 (36... Kh7 $14) 37. Qxa6 $16 Qd5 (37... Rb2 $16 {is a better defense.}) 38. b5 $2 (38. Qc8+ $18 Kh7 39. a4) 38... cxb5 $11 {The position is equal.} 39. Qxb5 Rd3 $1 {[%cal Rd3h3]} 40. Qb8+ Kh7 {And now ...Rxh3+ would win.} 41. Qc8 Rxa3 42. Rf1 Rc3 43. Qf5+ Qxf5 44. Rxf5 {KR-KR} Kg6 45. Rd5 Kf6 46. Kg1 Rc2 47. Kh2 Rc3 48. Rd6+ Ke5 49. Rc6 h5 50. Rc8 h4 51. c6 g5 52. c7 Kd6 53. Rg8 Rxc7 54. Rxg5 Ke6 55. Rg4 Rh7 56. Kg1 Kf5 57. Kf2 Rh8 58. Kf3 Rh7 59. Ra4 Kg5 60. Ra5+ Kh6 61. Rf5 Ra7 62. Kg4 Rg7+ 63. Kxh4 {aiming for Rh5+.} Rxg2 64. Rf6+ Kg7 (64... Rg6 $5 {[%cal Rg6f6]} 65. Rf5 Kg7 $11) 65. Rf4 Ra2 66. Kg3 {Precision: White = 67%, Black = 72%.} 1/2-1/2

[Event "ISR-chT 2018"]
[Site "Israel"]
[Date "2018.02.16"]
[Round "7"]
[White "Zoler, Dan"]
[Black "Zilberman, Yaacov"]
[Result "1/2-1/2"]
[WhiteElo "2502"]
[BlackElo "2369"]
[Annotator "TA"]
[PlyCount "115"]
[EventDate "2018.??.??"]
[EventType "team-tourn"]
[EventCountry "ISR"]
[SourceTitle "playchess.com"]
[Source "ChessBase"]
[SourceQuality "1"]

{[%evp 11,115,43,50,16,64,70,72,64,62,65,65,80,40,32,39,9,10,0,0,0,0,11,8,9,8,0,77,72,67,51,61,54,59,0,14,0,0,0,-8,-13,-26,-48,0,-28,0,-97,-83,-287,-287,-317,-316,-312,-206,-213,-189,-302,-300,-319,-294,-398,-366,-336,-200,-351,-204,-478,0,-206,0,-499,-252,-292,-214,-248,0,-228,0,-13,0,0,0,-8,-14,-18,0,0,2,-85,-85,-88,-74,-75,0,-77,-75,-93,0,0,0,0,0,0,406,0,0,0]} 1. d4 d5 2. c4 dxc4 3. Nf3 Nf6 4. e3 Be6 5. Nc3 c6 6. Ng5 {D25: Queen's Gambit Accepted: 4 e3: sidelines and 4...Bg4} Qc8 {LiveBook: 13 Games} (6... Bd5 7. e4 h6 8. exd5 hxg5 9. dxc6 Nxc6 10. d5 Ne5 11. Bxg5 g6 12. Bf4 Nfd7 13. Be2 Bg7 {1-0 (102) Fier,A (2607)-Ma,Q (2606) Auckland 2016}) 7. a4 {[%cal Ba2a4,Ba4a5][%mdl 32]} g6 8. a5 {White is slightly better.} Bg7 9. Nxe6 Qxe6 10. Ra4 O-O 11. Bxc4 Qd6 $146 ({Predecessor:} 11... Qc8 12. O-O Nbd7 13. Be2 Rd8 14. Bf3 e5 {1-0 (59) Repasi,Z (2062)-Gal,L (2129) Hungary 2004}) 12. b3 Qc7 13. Ba3 Rd8 14. Qf3 e5 15. O-O exd4 16. exd4 Nbd7 17. Rc1 {White wants to play Nb5!} Rac8 18. Bf1 Nf8 (18... a6 $11) 19. a6 $16 {And now Nb5! would win.} b6 20. Nb5 Qd7 $1 21. Nd6 Rc7 22. Nb7 ({White should try} 22. Rac4 $14) 22... Re8 23. Bd6 Rcc8 24. Be5 Re6 $1 25. Rac4 Nd5 26. Qg3 h5 27. h4 Rce8 28. Bxg7 (28. Nd6 $2 Rxe5 $1 {[%mdl 512]} 29. Nxe8 Rxe8 $19) (28. b4 $11 {remains equal.}) 28... Kxg7 $17 29. Qg5 $2 (29. Qh3 $17) 29... Nh7 $19 {[%cal Bf8h7,Bh7f6,Bf6e4][%mdl 32]} 30. Qd2 Nhf6 31. Qc2 Ne7 32. g3 Nf5 33. Qc3 (33. d5 {was worth a try.} Nxd5 34. Rxc6) 33... Ne4 34. Qb2 {aiming for d5+.} Kg8 35. Bh3 Qd5 36. Bg2 R8e7 (36... g5 $142 37. hxg5 h4) 37. Re1 $2 (37. b4 {might work better.}) 37... Kh7 (37... Qd7 $142 {Hoping for ...Nexg3.} 38. Rec1 Nexg3 $1 {[%mdl 512]} 39. fxg3 Re2) 38. Qa1 $2 (38. Rcc1) 38... Qb5 $2 (38... Nexg3 $19 39. Rxe6 Qxe6 40. Rxc6 Ne2+ 41. Kh2 Qxb3) 39. Qa3 $2 (39. Nd8 $11 Qxb3 40. Rxc6 Rxc6 41. Nxc6) 39... Qd5 $2 (39... Nd2 40. Rxe6 Rxe6) 40. Qa1 $1 Re8 (40... Nexg3 $142 41. Re5 Rxe5 42. dxe5 Ne2+ 43. Kh1 Qd3) 41. Rd1 Qb5 42. Qa4 {[#]} Qd5 $2 (42... Nxf2 $1 $19 {[%mdl 512]} 43. Rf1 (43. Kxf2 Ne3) 43... Qxa4 44. bxa4 Ne4 45. Bxe4 Rxe4) 43. Rcc1 $2 (43. Qa1 $1 $11 {and White has nothing to worry.}) 43... R8e7 $2 (43... g5 $1 $19 44. hxg5 Nfxg3 $1 {[%mdl 512]} 45. fxg3 Qxg5) 44. Qc4 $11 Rd7 {[%cal Rf5d4]} (44... Kg7 {looks sharper.} 45. Qxd5 cxd5 46. Nd8 Rf6 47. Nc6 Rc7) 45. Qxd5 Rxd5 46. Bxe4 (46. Rc4 {feels hotter.} Rd7 47. Bxe4 Rxe4 48. Rxc6 Rd5 49. b4) 46... Rxe4 47. Rxc6 Rexd4 48. Rxd4 Nxd4 {[%mdl 4096] Endgame [#] KRN-KRN} 49. Rc8 (49. Rxb6 $1 $11 {[%mdl 512]} Kg8 (49... axb6 50. a7) 50. Kh2) 49... Kg7 $17 50. Ra8 Nc6 ({But not} 50... Nxb3 $6 51. Rxa7 Nd4 52. Ra8 $11) 51. Rc8 Nd4 ({Black should play} 51... Nb4 $17 52. Ra8 Nxa6 53. Rxa7 Nc7) 52. b4 (52. Ra8 $1 $11 {keeps the balance.}) 52... Kf6 53. Nd8 Ke7 (53... Rd6 $17 54. Kh2 Ke7) 54. Nc6+ $11 Nxc6 55. Rxc6 Kd7 56. Rf6 $1 {[%cal Rf6f7]} Rf5 $2 {[%mdl 8192] [#]} (56... Ke7 $11 {and Black stays safe.} 57. Rc6 Kd7) 57. Rxf5 $2 (57. Rxb6 $1 $18 {[%mdl 512] Strongly threatening Kg2.} Rf3 (57... axb6 58. a7) 58. Rb7+ Kc6 59. Kg2 (59. Rxa7 Kb6 $16)) 57... gxf5 58. f3 {Precision: White = 32%, Black = 44%.} 1/2-1/2

[Event "ISR-chT 2018"]
[Site "Israel"]
[Date "2018.02.16"]
[Round "7"]
[White "Flom, Gabriel"]
[Black "Roiz, Michael"]
[Result "1/2-1/2"]
[WhiteElo "2485"]
[BlackElo "2612"]
[Annotator "TA"]
[PlyCount "22"]
[EventDate "2018.??.??"]
[EventType "team-tourn"]
[EventCountry "ISR"]
[SourceTitle "playchess.com"]
[Source "ChessBase"]
[SourceQuality "1"]

{[%evp 18,22,-8,-16,-13,-6,-2]} 1. d4 Nf6 2. c4 e6 3. Nc3 Bb4 4. a3 Bxc3+ 5. bxc3 Nc6 6. f3 b6 7. e4 Ba6 8. Bg5 h6 {E24: Nimzo-Indian: Sämisch: Unusual Black 5th moves and 5...c5 sidelines} 9. Bh4 g5 10. Bf2 {LiveBook: 3 Games} Nh5 $1 (10... Qe7 11. h4 O-O-O 12. d5 Na5 13. c5 Bxf1 14. d6 cxd6 15. cxd6 Qf8 16. Kxf1 {½-½ (37) Carlsen,M (2690)-Leko,P (2749) Monte Carlo 2007}) 11. h4 $146 ({Find the theoretical novelty and annotate with similar games:} 11. c5 Bxf1 12. Kxf1 bxc5 13. d5 Ne5 14. Bxc5 Qc8 15. Bd4 Qa6+ 16. Qe2 Qd6 17. g3 Nf6 18. c4 c5 19. Bc3 exd5 20. exd5 O-O 21. Qxe5 {1-0 (21) Agibileg,U (2133)-Fernandez Mazzetti,I (2171) Montevideo 2017}) 11... Qf6 1/2-1/2

[Event "ISR-chT 2018"]
[Site "Israel"]
[Date "2018.02.16"]
[Round "7"]
[White "Zanan, Evgeny"]
[Black "Deutsch, Eyal"]
[Result "1/2-1/2"]
[WhiteElo "2478"]
[BlackElo "2358"]
[Annotator "TA"]
[PlyCount "99"]
[EventDate "2018.??.??"]
[EventType "team-tourn"]
[EventCountry "ISR"]
[SourceTitle "playchess.com"]
[Source "ChessBase"]
[SourceQuality "1"]

{[%evp 22,99,0,0,2,0,0,0,16,9,-1,0,0,-10,-10,-12,-14,-21,-17,-37,0,0,0,6,5,0,-7,0,0,0,0,-8,-10,-28,-40,-53,-45,-63,-12,-117,-112,-97,-95,-93,-86,-115,-103,-125,-124,-129,-120,-133,-129,-167,-132,-184,-169,-209,-202,-206,-203,-220,-146,-202,-185,-202,-148,-202,-180,-178,-165,-162,-148,-200,-143,-147,0,-181,0,-143]} 1. d4 Nf6 2. c4 e6 3. Nf3 d5 4. g3 Be7 5. Bg2 O-O 6. Qc2 dxc4 7. Qxc4 a6 8. Bf4 Nd5 9. Bd2 b5 10. Qc2 Bb7 11. O-O Nd7 {E05: Open Catalan: 5 Nf3 Be7} 12. Ba5 {LiveBook: 4 Games} Qc8 13. Rc1 $146 {[%cal Ra5c7]} ({Find the theoretical novelty and annotate with similar games:} 13. Nbd2 c5 14. Rac1 Qb8 15. Qb1 Rc8 16. Ne4 h6 17. dxc5 Nxc5 18. Nxc5 Bxc5 19. Ne1 {½-½ (52) Padmini,R (2345)-Pratyusha,B (2123) Ho Chi Minh City 2012}) 13... c5 14. Qd1 Qb8 15. Nbd2 Rc8 16. e3 N5f6 17. Qe2 cxd4 18. Nxd4 Bxg2 19. Kxg2 Qb7+ 20. Qf3 Qxf3+ 21. N2xf3 Nd5 22. Rc6 Bf6 23. Rac1 Rxc6 24. Rxc6 Ne5 25. Nxe5 Bxe5 26. Nb3 Bxb2 27. e4 Ne7 28. Rc7 Ba3 29. Bb6 Kf8 (29... Nc8 $15 30. Bc5 Bxc5 31. Nxc5 a5) 30. Na1 (30. Bd4 $11 {keeps the balance.}) 30... Nc8 31. Ba5 Be7 32. Nb3 Ke8 33. Bc3 g6 34. Bd4 Bd8 35. Rc6 Ne7 36. Rc2 Rc8 37. Rd2 Nc6 38. Be3 (38. Rc2 $17) 38... Ne5 $19 39. Bd4 Nc4 40. Rd3 Be7 41. f4 Rd8 42. e5 (42. Kf2 $17) 42... Rd5 43. Kf3 Kd7 44. Ke4 (44. Ke2 $17) 44... Kc6 45. g4 h6 46. Rc3 Bb4 47. Rh3 (47. Rc2 $17) 47... Bf8 48. Rc3 Bb4 49. Rh3 $1 Bf8 50. Rc3 {Precision: White = 45%, Black = 76%.} 1/2-1/2